| 000 | 00331nam a2200133Ia 4500 | ||
|---|---|---|---|
| 008 | 231129s1972||||xx |||||||||||||| ||spa|| | ||
| 040 | _bspa | ||
| 082 | _aCo863 / P438r | ||
| 100 | _aPerez Triana Santiago | ||
| 245 | 0 | _aReminiscencias tudescas y cuentos a sonny | |
| 260 | _c1972 | ||
| 264 | _aBanco Popular | ||
| 942 |
_2ddc _cBKS |
||
| 999 |
_c23966 _d23966 |
||